№ 11; Разведка и охрана недр

מידע ביבליוגרפי
Parent link:Разведка и охрана недр/ Министерство геологии и охраны недр. № 11.— , 1954-.— 0034-026X
שפה:רוסית
יצא לאור: 1988
פורמט: MixedMaterials ספר
KOHA link:https://koha.lib.tpu.ru/cgi-bin/koha/opac-detail.pl?biblionumber=390783

MARC

LEADER 00000nam2a2200000 4500
001 390783
005 20231101064017.0
035 |a (RuTPU)RU\TPU\prd\24142 
090 |a 390783 
100 |a 20040322a19549999k y0rusy50 ca 
101 0 |a rus 
102 |a RU 
200 0 |a № 11 
210 |d 1988 
461 1 |0 (RuTPU)RU\TPU\prd\1709  |x 0034-026X  |t Разведка и охрана недр  |f Министерство геологии и охраны недр  |v № 11  |d 1954- 
801 0 |a RU  |b 63413507  |c 20010227  |g PSBO 
801 1 |a RU  |b 63413507  |c 20040322  |g PSBO 
801 2 |a RU  |b 63413507  |c 20091210  |g PSBO 
942 |c BK 
999 |a НТБ_ТПУ  |b НФ  |e -1/20010101  |p П-3078  |u 0,00  |v 1